Typology

Typológia regiónov v oblasti Dunaja. Rozvinuté regióny, stabilizované regióny, stagnujúce regióny, málo rozvinuté regióny. Závery a odporúčania. Poster z medzinárodnej konferencie.

Na minha lista:
Detalhes bibliográficos
Autor principal: Tvrdoň, Jozef
Formato: Capítulo de Livro
Idioma:inglês
Assuntos:
Tags: Adicionar Tag
Sem tags, seja o primeiro a adicionar uma tag!

MARC

LEADER 00000naa$a2200000$$$4500
001 0105539
005 20240502072152.8
041 0 |a eng 
044 |a SK 
245 1 0 |a Typology  |c Jozef Tvrdoň 
520 |a Typológia regiónov v oblasti Dunaja. Rozvinuté regióny, stabilizované regióny, stagnujúce regióny, málo rozvinuté regióny. Závery a odporúčania. Poster z medzinárodnej konferencie. 
610 2 0 |a regióny 
610 2 0 |a typológia 
610 2 0 |a plánovanie 
610 2 0 |a Dunaj 
100 1 |a Tvrdoň, Jozef